01074cam a2200253 a 45000010009000000050017000090080041000260200038000670200041001050200059001460200062002050500023002670820014002901000021003042450130003252500013004552600038004683000078005066500049005846500053006337000023006867000028007098560083007371543935220241114123905.0080904s2010 maua b 001 0 eng  a0321570545 (recover : alk. paper) a9780321570543 (recover : alk. paper) a0321570553 (math for elementary teachers : alk. paper) a9780321570550 (math for elementary teachers : alk. paper)00aQA135.6b.B55 201000a372.72221 aBillstein, Rick.12aA problem solving approach to mathematics for elementary school teachers /cRick Billstein, Shlomo Libeskind, Johnny W. Lott. a10th ed. aBoston :bAddison-Wesley,cc2010. axiii, 1099, I-14 p. :bill. (some col.) ;c26 cm. +e1 CD-ROM (4 3/4 in.) 0aMathematicsxStudy and teaching (Elementary) 0aProblem solvingxStudy and teaching (Elementary)1 aLibeskind, Shlomo.1 aLott, Johnny W.,d1944-413Table of contents onlyuhttp://www.loc.gov/catdir/toc/ecip0827/2008039186.html